000 00685cam a22002533a 4500
001 30416
003 PGUSA
005 20140828083646.0
008 091107s2009||||xxu|||||s|||||000 1 eng d
040 _aPGUSA
_beng
042 _adc
050 4 _aPS
100 1 _aDryfoos, Dave,
_d1915-2003
245 1 0 _aWaste Not, Want
_h[electronic resource] /
_cDave Dryfoos
260 _bProject Gutenberg,
_c2009
506 _aPublic domain in the USA.
516 _aElectronic text
653 _aScience fiction
653 _aShort stories
700 1 _aFreas, Kelly,
_d1922-2005
830 0 _aProject Gutenberg
_v30416
856 4 0 _uhttp://www.gutenberg.org/ebooks/30416
942 _cEB
999 _c259671
_d259671